Score 0/126 Timer 15:00
0 Plays Today
Typ Karte % Correct
GeldGold
97.3%
GeldSilber
97.3%
AktionDorf
96.6%
PunkteHerzog
96.6%
PunkteHerzogtum
96.6%
GeldKupfer
96.6%
PunkteProvinz
96.6%
Aktion – AngriffHexe
96%
PunkteKolonie
96%
PunkteAnwesen
95.3%
GeldPlatin
94.6%
Aktion – ReaktionBurggraben
93.3%
AktionMarkt
92.6%
AktionAbenteurer
91.9%
Aktion – PunkteAdelige
91.9%
PunkteGärten
91.9%
Aktion – ReaktionGeheimkammer
91.9%
Aktion – AngriffMiliz
91.9%
Aktion – AngriffPiratenschiff
91.9%
Aktion – AngriffSeehexe
91.9%
GeldAbenteuer
91.3%
AktionKapelle
91.3%
AktionAlchemist
89.9%
GeldGeldversteck
89.9%
Aktion – PunkteInsel
89.9%
AktionSchwarzmarkt
89.9%
AktionAnbau
89.3%
FluchFluch
89.3%
Geld – PunkteHarem
89.3%
AktionSchmiede
89.3%
AktionUmbau
89.3%
Aktion – DauerHandelsschiff
88.6%
AktionEingeborenendorf
87.9%
Aktion – AngriffSpion
87.9%
AktionThronsaal
87.9%
Aktion – AngriffVertrauter
87.9%
PunkteWeinberg
87.9%
AktionKeller
87.2%
Aktion – AngriffKerkermeister
87.2%
GeldTrank
87.2%
AktionDieb
86.6%
AktionGesandter
86.6%
Typ Karte % Correct
AktionGroße Halle
86.6%
AktionGroßer Markt
86.6%
AktionJahrmarkt
86.6%
Aktion – DauerLeuchtturm
85.9%
AktionApotheker
85.2%
AktionAusbau
85.2%
Aktion – DauerWerft
85.2%
AktionGolem
84.6%
AktionHandlanger
84.6%
GeldLohn
84.6%
Aktion – DauerFischerdorf
83.9%
AktionKönigshof
83.9%
Aktion – ReaktionWachturm
83.9%
GeldBank
83.2%
Aktion – DauerHafen
83.2%
AktionKupferschmied
83.2%
Aktion – AngriffVision
83.2%
Aktion – DauerTaktiker
82.6%
AktionLehrling
81.9%
AktionRatsversammlung
81.9%
AktionArbeiterdorf
81.2%
Aktion – DauerKarawane
81.2%
GeldStein der Weisen
81.2%
AktionKanzler
79.2%
Aktion – AngriffLakai
79.2%
AktionBesessenheit
78.5%
AktionBaron
77.9%
Aktion – AngriffHalsabschneider
77.2%
AktionKräuterkundiger
77.2%
AktionKunstschmiede
77.2%
AktionBurghof
76.5%
AktionHandelsposten
76.5%
GeldKönigliches Siegel
75.8%
AktionSchatzkarte
75.8%
AktionVerwalter
75.8%
AktionVerwandlung
75.8%
AktionGeldverleiher
75.2%
GeldHort
75.2%
AktionMine
75.2%
GeldTalisman
75.2%
AktionBergwerk
74.5%
Aktion – AngriffGeisterschiff
74.5%
Typ Karte % Correct
Aktion – DauerAußenposten
73.8%
Aktion – AngriffGesindel
73.8%
GeldSteinbruch
73.8%
Aktion – AngriffTrickser
73.8%
AktionWunschbrunnen
73.8%
AktionSchatzkammer
73.2%
Aktion – AngriffBürokrat
71.8%
AktionLaboratorium
71.8%
AktionSchmuggler
71.8%
AktionWerkstatt
71.8%
AktionArmenviertel
70.5%
AktionHandelsroute
70.5%
AktionMüllverwerter
69.8%
Aktion – AngriffSaboteur
69.8%
AktionBeutelschneider
69.1%
AktionPerlentaucher
69.1%
Aktion – AngriffQuacksalber
69.1%
GeldSchmuggelware
69.1%
AktionBischof
67.8%
AktionGewölbe
67.8%
AktionHolzfäller
67.8%
AktionSpäher
67.8%
AktionUniversität
67.8%
AktionBibliothek
66.4%
AktionLagerhaus
66.4%
AktionEntdecker
65.8%
AktionStadt
65.8%
AktionBotschafter
64.4%
AktionNavigator
64.4%
AktionAusguck
63.8%
AktionDenkmal
63.8%
AktionEmbargo
63.8%
AktionMaskerade
61.7%
AktionVerschwörer
61.1%
AktionTribut
60.4%
AktionBazar
59.7%
AktionMünzer
59.7%
AktionBrücke
59.1%
AktionLeihhaus
59.1%
AktionEisenhütte
57%
AktionHausierer
57%
AktionFestmahl
53.7%
Remove Ads.
Support Sporcle.
Get the best of Sporcle when you Go Orange. This ad-free experience offers more features, more stats, and more fun while also helping to support Sporcle. Thank you for becoming a member.

You're not logged in!

Compare scores with friends on all Sporcle quizzes.
OR
Log In

Show Comments

Extras

Created Oct 13, 2010ReportNominate
Tags:alle, dominion, Edition

Top Quizzes Today


Score Distribution

Your Account Isn't Verified!

In order to create a playlist on Sporcle, you need to verify the email address you used during registration. Go to your Sporcle Settings to finish the process.

Report this User

Report this user for behavior that violates our Community Guidelines.

Details: